[Event "Alfoeld Cup op"]
[Site "Hajduszoboszlo"]
[Date "1999.??.??"]
[Round "4"]
[White "Blasko, Istvan"]
[Black "Forgacs, Jozsef"]
[Result "0-1"]
[WhiteElo "2195"]
[BlackElo "2305"]

1.d4 Nf6 2.c4 g6 3.Nc3 Bg7 4.e4 d6 5.Nf3 O-O 6.Be2 Nbd7 7.O-O e5 8.d5 Nc5
9.Qc2 a5 10.Nd2 Bh6 11.b3 Ne8 12.a3 f5 13.Rb1 Nf6 14.b4 axb4 15.axb4 Bxd2
16.Bxd2 Ncxe4 17.Nxe4 Nxe4 18.Bh6 Rf7 19.f3 Nf6 20.Bg5 Qf8 21.Ra1 Rb8 22.b5 f4
23.Bxf6 Rxf6 24.Ra7 Bf5 25.Bd3 Qc8 26.Rfa1 Rf7 27.Bxf5 Qxf5 28.Qxf5 gxf5
29.Ra8 Rxa8 30.Rxa8+ Rf8 31.Ra7 Rb8 32.Kf2 Kf7 33.Ke2 Ke7 34.Kf2 Kd7 35.Kf1 h5
36.Kf2 h4 37.g3 fxg3+ 38.hxg3 hxg3+ 39.Kxg3 Rg8+ 40.Kf2 b6 41.Ra1 Rh8 42.Kg3 Rh7
43.Rb1 Ke7 44.Ra1 Rh8 45.Ra7 Kd7 46.Ra1 Rh7 47.Rb1 Kc8 48.Ra1 Kb7 49.Rb1 Rh8
50.Rc1 Ra8 51.Rc3 Ra1 52.Kh4 Rg1 53.Rc2 f4 54.Kh5 Kc8 55.Kh4 Kd7 56.Kh5 Ke7
57.Ra2 Rg3 58.Rf2 Kf6 59.Kh4 Kf5  0-1

[Event "Helsinki op"]
[Site "Helsinki"]
[Date "1999.??.??"]
[Round "4"]
[White "Yrjola, Jouni"]
[Black "Hartikainen, Markku"]
[Result "1-0"]
[WhiteElo "2417"]
[BlackElo "2262"]

1.d4 Nf6 2.c4 g6 3.Nc3 Bg7 4.e4 O-O 5.Nf3 d6 6.Be2 e5 7.Be3 Ng4 8.Bg5 f6
9.Bh4 Nc6 10.d5 Ne7 11.Nd2 h5 12.h3 Nh6 13.g4 hxg4 14.hxg4 Nf7 15.Nf1 c6
16.Ne3 Qa5 17.Qd2 Bd7 18.O-O-O Rfc8 19.Kb1 c5 20.Rdg1 a6 21.Nf5 Nxf5 22.gxf5 g5
23.Bg3 b5 24.Bh5 bxc4 25.f3 Rab8 26.Rh2 Rb4 27.Be1 Rcb8 28.Qc1 Qb6 29.Nd1 Ra4
30.Nc3 Rb4 31.Rgg2 a5 32.Ka1 a4 33.Nb1 Bb5 34.Na3 Ba6 35.Bc3 Qc7 36.Bg6 Nh8
37.Rh7 Nxg6 38.fxg6 Qe7 39.Qh1 f5 40.exf5 Qf6 41.Rxg5 Bc8 42.Rxg7+ Qxg7 43.f6  1-0

[Event "Hessen-ch int"]
[Site "Hessen"]
[Date "1999.??.??"]
[Round "4"]
[White "Boewer, Roland"]
[Black "Heck, Norbert"]
[Result "1/2-1/2"]
[WhiteElo "2185"]
[BlackElo "2355"]

1.d4 Nf6 2.Nf3 g6 3.c4 Bg7 4.Nc3 O-O 5.e4 d6 6.Be2 e5 7.d5 a5 8.O-O Na6 9.Re1 Nc5
10.Qc2 Bd7 11.Be3 Ne8 12.Nd2 f5 13.f3 Bf6 14.b3 Bg5 15.Bf2 Nf6 16.Bd3 Nxd3
17.Qxd3 Nh5 18.c5 Nf4 19.Qc2 Bh6 20.Be3 Rf7 21.Kh1 Bf8 22.cxd6 cxd6 23.a4 fxe4
24.fxe4 Bg4 25.Bxf4 exf4 26.Nf3 Rc8 27.Qd2 Bg7 28.Rac1 Bxf3 29.gxf3 Be5 30.Nb5 Rxc1
31.Rxc1 Qb6 32.Kg2 g5 33.Rc8+ Kg7 34.Qf2 Qe3 35.Qxe3 fxe3 36.Rc2 Kg6 37.h3 h5
38.Na3 g4 39.fxg4 hxg4 40.hxg4 Rf4 41.Nc4 Rxg4+ 42.Kf3 Rg3+ 43.Ke2 Bf4 44.Kd3 e2+
45.Kxe2 Rxb3 46.Rb2 Rc3 47.Nxd6 Kf6 48.Nxb7 Re3+ 49.Kf2 Rxe4 50.d6 Bxd6  1/2-1/2

[Event "Hessen-ch int"]
[Site "Hessen"]
[Date "1999.??.??"]
[Round "7"]
[White "Chuchelov, Vladimir"]
[Black "Glek, Igor V"]
[Result "0-1"]
[WhiteElo "2530"]
[BlackElo "2535"]

1.Nf3 Nf6 2.c4 g6 3.Nc3 Bg7 4.e4 d6 5.d4 O-O 6.Be2 e5 7.O-O c6 8.d5 Na6 9.Bg5 h6
10.Bh4 g5 11.Bg3 Nc5 12.Nd2 a5 13.Qb1 Bd7 14.Rc1 Ne8 15.f3 f5 16.Bf2 f4 17.b4 axb4
18.Qxb4 h5 19.Nb3 Nxb3 20.axb3 c5 21.Qxb7 Rb8 22.Qa7 g4 23.Qa2 Qg5 24.Rcb1 Rf6
25.Qd2 Rg6 26.Kf1 h4 27.Ke1 g3 28.hxg3 hxg3 29.Bg1 Qh4 30.Qa2 Qh1 31.Kd2 Qxg2
32.Qa7 Rd8 33.Qb6 Bf6 34.b4 cxb4 35.Rxb4 Rh6 36.Rbb1 Rc8 37.c5 dxc5 38.Ra7 Bg5
39.Qa5 Bg4 40.Ra8 Rxa8 41.Qxa8 Bd7 42.Rb7 Qxg1 43.Rxd7 Kf8 44.Rb7 Rh1 45.Kc2 Qa1
46.Na2 Rc1+  0-1

[Event "Hessen-ch int"]
[Site "Hessen"]
[Date "1999.??.??"]
[Round "8"]
[White "Epishin, Vladimir"]
[Black "Glek, Igor V"]
[Result "1/2-1/2"]
[WhiteElo "2655"]
[BlackElo "2535"]

1.Nf3 Nf6 2.c4 g6 3.Nc3 Bg7 4.d4 O-O 5.e4 d6 6.Be2 e5 7.O-O c6 8.Re1 exd4
9.Nxd4 Re8 10.Bf1 Ng4 11.h3 Qb6 12.hxg4 Qxd4 13.g5 Qxd1 14.Rxd1 Be5 15.Be3 Nd7
16.Rac1 f6 17.gxf6 Nxf6 18.f3 Be6 19.Rc2 h5 20.Ne2 Bf7 21.b3 a5 22.Bf4 Nh7
23.g3 a4 24.Bc1 axb3 25.axb3 Ra3 26.f4 Bg7 27.Rxd6 Rxb3 28.e5 Rb1 29.Kf2 Rb3
30.Nd4 Nf8 31.c5 g5 32.Re2 h4 33.gxh4 gxf4 34.e6 Bxd4+ 35.Rxd4  1/2-1/2

[Event "HUN-chT9899"]
[Site "HUN"]
[Date "1999.??.??"]
[Round "?"]
[White "Portisch, Ferenc"]
[Black "Glatt, Gabor"]
[Result "1/2-1/2"]
[WhiteElo "2375"]
[BlackElo "2275"]

1.d4 Nf6 2.c4 g6 3.Nc3 Bg7 4.e4 d6 5.Be2 O-O 6.Nf3 e5 7.d5 Nbd7 8.Bg5 h6
9.Bh4 a5 10.Nd2 Nc5 11.O-O Bd7 12.Rb1 c6 13.b3 Qb8 14.a3 g5 15.Bg3 cxd5 16.cxd5 b5
17.b4 axb4 18.axb4 Na4 19.Nxa4 Rxa4 20.f3 Nh5 21.Be1 Nf4  1/2-1/2

[Event "HUN-chT9899"]
[Site "HUN"]
[Date "1999.??.??"]
[Round "?"]
[White "Kiss, Pal"]
[Black "Izsak, Gyula"]
[Result "1/2-1/2"]
[WhiteElo "2435"]
[BlackElo "2415"]

1.d4 Nf6 2.c4 g6 3.Nc3 Bg7 4.e4 d6 5.Be2 Nbd7 6.Nf3 e5 7.O-O O-O 8.Re1 Re8
9.d5 h6 10.Bf1 a5 11.a3 Nc5 12.b3 Bd7 13.Nd2 Nh7 14.Rb1 f5  1/2-1/2

[Event "HUN-chT29899"]
[Site "HUN"]
[Date "1999.??.??"]
[Round "?"]
[White "Berebora, Ferenc"]
[Black "Klemanic, Emil"]
[Result "1/2-1/2"]
[WhiteElo "2390"]
[BlackElo "2300"]

1.d4 Nf6 2.c4 d6 3.Nf3 g6 4.Nc3 Bg7 5.e4 O-O 6.Be2 e5 7.O-O Nbd7 8.Be3 Re8
9.d5 Nc5 10.Nd2 a5 11.a3 b6 12.b4 Nb7 13.Na4 Bd7 14.Nc3 Rf8 15.c5 axb4 16.axb4 Rxa1
17.Qxa1 bxc5 18.bxc5 Nxc5 19.Bxc5 dxc5 20.Qa7 Qb8 21.Qxc5 Qb2 22.Qe3 Ra8
23.Nc4 Qb4 24.Rb1 Qe7 25.h3 Ne8 26.Bd3 Bf8 27.Kh2  1/2-1/2

[Event "HUN-chT29899"]
[Site "HUN"]
[Date "1999.??.??"]
[Round "?"]
[White "Fordan, Tibor"]
[Black "Horvath, Jeno Kalman"]
[Result "1-0"]
[WhiteElo "2225"]
[BlackElo "2185"]

1.d4 Nf6 2.c4 g6 3.Nc3 Bg7 4.e4 d6 5.Nf3 O-O 6.Be2 e5 7.O-O Nbd7 8.dxe5 dxe5
9.h3 c6 10.Be3 Qe7 11.Qc2 Nh5 12.Rfd1 Nc5 13.b4 Ne6 14.c5 Nef4 15.Bf1 Kh8
16.Kh2 Ne6 17.Rd6 Nd4 18.Qd1 Nxf3+ 19.Qxf3 Nf4 20.Rad1 Ne6 21.Bc4 Nd4 22.Qg3 f5
23.Bg5 Qc7 24.Rxg6 f4 25.Qh4 Qd7 26.Bf6 Rxf6 27.Qxf6 Ne6 28.Bxe6  1-0

[Event "HUN-chT29899"]
[Site "HUN"]
[Date "1999.??.??"]
[Round "?"]
[White "Kovacs, Arthur"]
[Black "Olah, Sandor"]
[Result "1-0"]
[WhiteElo "2175"]
[BlackElo "2115"]

1.d4 Nf6 2.Nf3 g6 3.c4 Bg7 4.Nc3 O-O 5.e4 d6 6.Be2 e5 7.dxe5 dxe5 8.Qxd8 Rxd8
9.Bg5 c6 10.Nxe5 Re8 11.O-O-O Nxe4 12.Nxe4 Bxe5 13.f4 Bg7 14.Bf3 Na6 15.Nd6 Re6
16.f5 gxf5 17.Nxf5 Re8 18.Nd6 Re6 19.Nxc8 Rxc8 20.Bg4 Nc5 21.b4 Ne4 22.Bxe6 fxe6
23.Rd8+ Rxd8 24.Bxd8 Nf2 25.Rf1 Nd3+ 26.Kd2 Nxb4 27.a3 Na6 28.Be7 Nc7 29.Kc2 e5
30.Bf6 Ne6 31.Kb2 Nd4 32.Kc3 b5 33.Kd3 a6 34.Ke4 Nc2 35.Rf3 Nd4 36.Rg3 Ne6
37.Bxg7 Nxg7 38.Kxe5 Kf7 39.Rf3+ Ke7 40.cxb5 cxb5 41.Rh3 Kf7 42.Rxh7 a5 43.Kd5  1-0

[Event "HUN-chT29899"]
[Site "HUN"]
[Date "1999.??.??"]
[Round "?"]
[White "Szuhanek, Ranko"]
[Black "Klemanic, Emil"]
[Result "1/2-1/2"]
[WhiteElo "2405"]
[BlackElo "2315"]

1.Nf3 Nf6 2.c4 g6 3.Nc3 Bg7 4.e4 d6 5.d4 O-O 6.Be2 Nbd7 7.O-O e5 8.Be3 a5
9.Qc2 Ng4 10.Bg5 f6 11.Bd2 Nh6 12.Rad1 Nf7 13.a3 Bh6 14.Bxh6 Nxh6 15.b4 b6
16.c5 axb4 17.axb4 bxc5 18.dxc5 dxc5 19.Nb5 c6 20.Nd6 Kg7 21.Qd2 Ra7 22.b5 cxb5
23.Bxb5 Nb6 24.Ne8+ Rxe8 25.Qxd8 Rxd8 26.Rxd8 Nf7 27.Rd2 c4 28.Rb1 Bb7 29.Re2 Nd6
30.Bc6 Na4 31.Bxa4 Rxa4 32.Rb6 Ra6 33.Rxa6 Bxa6 34.Ne1 Kf7 35.f3 Ke6 36.Nc2 f5
37.exf5+ gxf5 38.Kf2 e4 39.fxe4 fxe4 40.Ke3 Ke5 41.Nd4 Bb7 42.Ra2 c3 43.Ne2 Nf5+
44.Kf2 e3+ 45.Kf1 Be4 46.Ra5+ Ke6 47.g4 Nh4 48.Nxc3 Bd3+ 49.Ne2 Nf3 50.Ra3 Nxh2+
51.Kg2 Bxe2 52.Rxe3+ Kf6 53.Rxe2 Nxg4 54.Kg3 Ne5 55.Ra2 Kg6 56.Ra5 Nf7 57.Kf4 Kf6
58.Ra6+ Ke7 59.Rb6 Nd6 60.Rc6 Nf7 61.Ra6  1/2-1/2

[Event "Godal mem"]
[Site "HUN"]
[Date "1999.??.??"]
[Round "5"]
[White "Csendes, Sandor"]
[Black "Olah, Sandor"]
[Result "1/2-1/2"]
[WhiteElo "1875"]
[BlackElo "2055"]

1.d4 Nf6 2.c4 g6 3.Nc3 Bg7 4.e4 d6 5.Nf3 O-O 6.Be2 e5 7.d5 Nh5 8.Be3 f5 9.exf5 Bxf5
10.O-O Nf4 11.Bxf4 exf4 12.Nd4 Nd7 13.Bg4 Bxg4 14.Qxg4 Bxd4 15.Qe6+ Kg7 16.Rae1 Bxc3
17.bxc3 Nc5 18.Qg4 Qf6 19.h4 Rae8 20.a4 Re5 21.a5 Qf5 22.Qd1 Rfe8 23.Rxe5 Rxe5
24.f3 Re3 25.Rf2 Qe5 26.Qd4 Rxc3 27.Qxe5+ dxe5 28.Re2 Kf6 29.Rd2 Ke7 30.Kh2 Rxc4
31.Kh3 Rd4 32.Rc2 Rxd5 33.Kg4 Kf6 34.Rc1 Nd3  1/2-1/2

[Event "Balaton op"]
[Site "Hungary"]
[Date "1999.??.??"]
[Round "1"]
[White "Vannay, Janos"]
[Black "Nyaradi, Sandor"]
[Result "0-1"]
[WhiteElo "2065"]
[BlackElo "2300"]

1.c4 Nf6 2.Nc3 g6 3.d4 Bg7 4.e4 d6 5.Nf3 O-O 6.Be2 e5 7.d5 Nh5 8.O-O f5 9.Ng5 Nf6
10.Bf3 Qe8 11.b4 f4 12.c5 h6 13.Ne6 Bxe6 14.dxe6 Qxe6 15.Nb5 Na6 16.cxd6 Rfd8
17.Qd2 c6 18.Na3 Rxd6 19.Qb2 Rad8 20.Be2 b5 21.f3 Kh7 22.Qc3 Nd7 23.Bb2 Nb6
24.Bd1 Rd3 25.Bb3 Qd6 26.Rfd1 Nxb4 27.Rxd3 Nxd3 28.Nc2  0-1

[Event "Internet Wch m 1st"]
[Site "Internet"]
[Date "1999.??.??"]
[Round "14"]
[White "Dlugy, Maxim"]
[Black "Schmaltz, Roland"]
[Result "1-0"]
[WhiteElo "2531"]
[BlackElo "2502"]

1.d4 d6 2.c4 Nf6 3.Nc3 g6 4.e4 Bg7 5.Nf3 O-O 6.Be2 e5 7.d5 a5 8.Bg5 h6 9.Bh4 Na6
10.Nd2 Nc5 11.Qc2 Bd7 12.O-O-O c6 13.Kb1 a4 14.f3 Qa5 15.Be1 cxd5 16.Nxd5 Nxd5
17.cxd5 b5 18.Nf1 Qb6 19.Bb4 Rfc8 20.Qd2 Na6 21.Ng3 h5 22.h4 Kh7 23.Qe1 Nxb4
24.Qxb4 Bh6 25.Nf1 Rc5 26.Bd3 Rac8 27.Nd2 R5c7 28.a3 Qe3 29.Nf1 Rc1+ 30.Ka2 Rxd1
31.Nxe3 Rxh1 32.Qxd6 Rcc1 33.Nc2 Be8 34.Qe7 Bg7 35.Qxe8 Rhd1 36.d6 Rxd3 37.d7 Rxc2
38.d8=Q Rxd8 39.Qxd8 Rxg2 40.Qd5 f6 41.Qxb5 Rg3 42.Qxa4 Rxf3 43.Qc6 Rf4 44.a4 Rxh4
45.a5 Rh3 46.a6 Rd3 47.a7 Rd8 48.a8=Q Rxa8+ 49.Qxa8 h4 50.Qc8 Kh6 51.Qh3 Kg5
52.b4 f5 53.b5 Bf8 54.b6 Bd6 55.b7 fxe4 56.Qe3+ Kf5 57.Qf2+ Kg4 58.Qd2 Kf5
59.Qxd6 e3 60.b8=Q e2 61.Qbf8+ Ke4 62.Qd2 e1=Q 63.Qxe1+ Kd5 64.Qd8+  1-0

[Event "Internet Wch m 1st"]
[Site "Internet"]
[Date "1999.??.??"]
[Round "18"]
[White "Dlugy, Maxim"]
[Black "Schmaltz, Roland"]
[Result "0-1"]
[WhiteElo "2531"]
[BlackElo "2502"]

1.d4 d6 2.c4 Nf6 3.Nc3 g6 4.e4 Bg7 5.Nf3 O-O 6.Be2 e5 7.O-O exd4 8.Nxd4 Re8
9.f3 Nc6 10.Bg5 Nxd4 11.Qxd4 h6 12.Bh4 g5 13.e5 Rxe5 14.Bg3 Re8 15.Qd2 Bf5
16.Rfe1 Qd7 17.Rad1 Bg6 18.c5 Rad8 19.cxd6 c6 20.Bc4 Nh5 21.Rxe8+ Rxe8 22.Bf2 b6
23.Re1 Rxe1+ 24.Qxe1 Qxd6 25.Qe8+ Kh7 26.Bxf7 Bxf7 27.Qxf7 Nf4 28.Qf5+ Qg6
29.Qxg6+ Kxg6 30.Nd1 Nd3 31.b3 Nc1 32.Kf1 Nxa2 33.Be3 Nb4 34.Ke2 Nd5 35.Bd2 Kf5
36.g4+ Ke6 37.Kd3 b5 38.Nf2 c5 39.Ne4 Bf8 40.Ng3 Ke5 41.Nf5 Nf4+ 42.Kc2 Ne6
43.h4 gxh4 44.Nxh4 Nd4+ 45.Kb2 Kd5 46.Ng6 Bd6 47.Bxh6 Nxf3 48.Nf4+ Bxf4 49.Bxf4 Ne5
50.g5 Ng6 51.Be3 a6 52.Kc3 b4+ 53.Kd3 Ne5+ 54.Kc2 c4 55.bxc4+ Kxc4 56.Bd2 b3+
57.Kb2 Nf3 58.Kb1 Nxd2+ 59.Kc1 Ne4 60.g6 a5 61.g7 Nf6 62.g8=Q+ Nxg8 63.Kb2 Kb4  0-1

[Event "Jarvenpaa op"]
[Site "Jarvenpaa"]
[Date "1999.??.??"]
[Round "3"]
[White "Veingold, Aleksandr"]
[Black "Helin, Tapio"]
[Result "1/2-1/2"]
[WhiteElo "2477"]
[BlackElo "2130"]

1.d4 Nf6 2.Nf3 g6 3.c4 Bg7 4.Nc3 O-O 5.e4 d6 6.Be2 e5 7.O-O Na6 8.Re1 c6
9.Bf1 exd4 10.Nxd4 Ng4 11.h3 Qb6 12.hxg4 Qxd4 13.Qf3 Qe5 14.Bf4 Qe7 15.g5 Nc5
16.Qg3 Be5 17.Rad1 f6 18.gxf6 Rxf6 19.Bxe5 Qxe5 20.b4 Nd7 21.c5 Qxg3 22.fxg3 Ne5
23.Rxd6 Rxd6 24.cxd6 Be6 25.Rd1 Rd8 26.Rd4 b5 27.a4 a6 28.a5 Kg7 29.Be2 Kf6
30.Rd1 Bb3 31.Rb1 Bf7 32.Rd1 Ke6 33.Kf2 Rxd6 34.Ke3 Rxd1 35.Nxd1 c5 36.bxc5 Nc6
37.Bg4+ Ke5 38.Bc8 Nxa5 39.Bxa6 Bc4 40.Nf2 h5 41.Nh3 b4 42.Bxc4 Nxc4+ 43.Kd3 b3
44.Nf4 Nb2+ 45.Kd2 Na4 46.Nxg6+ Kf6 47.Nf4 Nxc5  1/2-1/2

[Event "Jesenik op"]
[Site "Jesenik"]
[Date "1999.??.??"]
[Round "?"]
[White "Weglarz, Leszek"]
[Black "Dobrovolsky, Ladislav"]
[Result "1-0"]
[WhiteElo "2379"]
[BlackElo "2387"]

1.d4 Nf6 2.c4 g6 3.Nc3 Bg7 4.e4 d6 5.Nf3 O-O 6.Be2 e5 7.O-O Nbd7 8.Qc2 c6
9.Rd1 Re8 10.Rb1 exd4 11.Nxd4 a6 12.a3 Qe7 13.f3 d5 14.cxd5 cxd5 15.exd5 Nb6
16.Bg5 h6 17.Bxf6 Bxf6 18.Qd2 Bd7 19.Ne4 Bg7 20.Qa5 Nc8 21.Qc7 f5 22.Bc4 Bxd4+
23.Rxd4 Qg7 24.Rbd1 fxe4 25.Rxe4 b5 26.d6+ bxc4 27.Rxe8+ Bxe8 28.d7 Ne7 29.Qxc4+ Kh7
30.d8=Q Rxd8 31.Rxd8 Bb5 32.Qd4 Nf5 33.Qxg7+ Kxg7 34.b3 Kf6 35.a4 Bc6 36.Rb8 Nd4
37.Rb6 a5 38.Ra6 Ke6 39.Rxa5 Nxb3 40.Ra7 Nc5 41.Rc7 Kd6 42.Rg7 Be8 43.a5 h5
44.Kf2 Ke6 45.Ra7 Bb5 46.Ke3 Bf1 47.Rg7 Kf5 48.Rc7 Na6 49.Rc1 Bb5 50.Rb1 Bc4
51.Kd4 Be2 52.Re1  1-0

[Event "Kiev-ch"]
[Site "Kiev"]
[Date "1999.??.??"]
[Round "8"]
[White "Malakhatko, Vadim"]
[Black "Dobrovolsky, Yury"]
[Result "1-0"]
[WhiteElo "2496"]
[BlackElo "2315"]

1.Nf3 Nf6 2.c4 g6 3.Nc3 Bg7 4.e4 d6 5.d4 O-O 6.Be2 e5 7.O-O Nbd7 8.Re1 c6
9.Bf1 a5 10.Rb1 Re8 11.d5 Nc5 12.Nd2 Bh6 13.b3 Bd7 14.Ba3 Qb6 15.h3 Qa7 16.Rb2 Rab8
17.Na4 Nxa4 18.bxa4 Bxd2 19.Rxd2 c5 20.Bb2 Nh5 21.g3 f6 22.Kg2 Re7 23.Be2 Ng7
24.Bd3 Rf8 25.f4 Qa8 26.Rf2 Qc8 27.Rh1 Ref7 28.Bc3 Qe8 29.Rhf1 Qc8 30.g4 b6
31.Rb2 Qa6 32.Qb1 Rb8 33.Qe1 Rbf8 34.fxe5 fxe5 35.Rxf7 Kxf7 36.Qh4 Kg8 37.Qe7 Qc8
38.Qxd6 Bxg4 39.Qxe5 Bxh3+ 40.Kh1 Rf7 41.Rxb6 Qd8 42.Rf6 Re7 43.Qd6 Qe8 44.Qxc5 Nh5
45.Qd4 Qc8 46.Rf2 Ng7 47.d6 Rb7 48.c5 Be6 49.Ba6 Rb1+ 50.Kh2  1-0

[Event "Kiev-ch"]
[Site "Kiev"]
[Date "1999.??.??"]
[Round "9"]
[White "Chichkin, Vasily"]
[Black "Kernazhitsky, Leonid"]
[Result "1/2-1/2"]
[WhiteElo "2357"]
[BlackElo "2413"]

1.d4 Nf6 2.c4 g6 3.Nc3 Bg7 4.e4 d6 5.Nf3 O-O 6.Be2 e5 7.d5 Na6 8.Bg5 h6 9.Bh4 g5
10.Bg3 Nh5 11.h4 Nxg3 12.fxg3 gxh4 13.Nxh4 Qg5 14.O-O Nc5 15.Kh2 f5 16.exf5 Bxf5
17.Nxf5 Rxf5 18.Rxf5 Qxf5 19.Qd2 a5 20.Rf1 Qg6 21.Qe3 Re8 22.Bd1 Qd3 23.Qxd3 Nxd3
24.Ne4 Rf8 25.Rxf8+ Bxf8 26.b3 Kg7 27.Kg1 Be7 28.Bc2 Nb4 29.Bb1 c6 30.a3 Na6
31.Kf2 Nc7 32.Nc3 Bg5 33.dxc6 bxc6 34.Be4 Bc1 35.Bxc6 Bxa3 36.Bf3 Bc5+ 37.Kf1 Ne6
38.Nb5 Ng5 39.Bd5 Kf6 40.Nc3 Kf5 41.Ke2 e4 42.Bc6 Ke5 43.Nb5 Ne6 44.Bd7 Bb4
45.Bxe6 Kxe6 46.Nd4+ Ke5 47.Nc6+ Kf5 48.Nd4+ Kg4 49.Ke3 Kxg3 50.Nf5+ Kxg2
51.Nxh6 Kf1 52.Nf5 Ke1 53.Kxe4 Kd2 54.Kd5 Kc3 55.Nxd6 Kxb3 56.c5 a4 57.Nc4  1/2-1/2

[Event "Klatovy op-A"]
[Site "Klatovy"]
[Date "1999.??.??"]
[Round "7"]
[White "Novak, Jaromir"]
[Black "Rozmbersky, David"]
[Result "1-0"]
[WhiteElo "2160"]
[BlackElo "2125"]

1.Nf3 g6 2.c4 Bg7 3.Nc3 d6 4.d4 Nf6 5.e4 O-O 6.Be2 e5 7.dxe5 dxe5 8.Qxd8 Rxd8
9.Bg5 Re8 10.Nd5 Nxd5 11.cxd5 f6 12.Bd2 Bf8 13.O-O Nd7 14.b4 Bd6 15.Bc3 f5
16.Nd2 Nf6 17.f3 Bd7 18.a4 Rad8 19.Bd3 Nh5 20.g3 fxe4 21.Nxe4 Re7 22.Kg2 Bf5
23.Bd2 Bxe4 24.fxe4 Rf8 25.Rxf8+ Kxf8 26.Rf1+ Rf7 27.Rc1 Nf6 28.h3 Ke8 29.Bb5+ Kd8
30.Rf1 Ke7 31.Bd3 Ng8 32.Rc1 Kd8 33.Be2 Nf6 34.Bf3 Rf8 35.Rc4 Ke8 36.a5 Kd7
37.Be3 a6 38.Bh6 Rb8 39.Bg5 Rf8 40.Bh6 Re8 41.Be3 Rf8 42.g4 Ne8 43.Bd2 Be7
44.Rc1 g5 45.Be2 Nd6 46.Bd3 Rf7 47.Bc3 Bf6 48.Rb1 Rf8 49.b5 axb5 50.Bxb5+ Nxb5
51.Rxb5 Kc8 52.Rb2 Bg7 53.Bd2 h6 54.Ra2 Rf6 55.Ra3 Kb8 56.Rf3 Rxf3 57.Kxf3 Bf8
58.Ke3 Ka7 59.Kd3 Ka6 60.Kc4 Bd6 61.Bc3 b6 62.axb6 Kxb6 63.Be1 Be7 64.Bg3 Bf6
65.Bf2+ Kb7 66.Kb5 Be7 67.Be1  1-0

[Event "SLO-ch U20"]
[Site "Kranj"]
[Date "1999.??.??"]
[Round "?"]
[White "Gomboc, Miha"]
[Black "Borisek, Jure"]
[Result "1-0"]
[WhiteElo "2113"]
[BlackElo "2127"]

1.c4 Nf6 2.Nf3 g6 3.Nc3 Bg7 4.e4 d6 5.d4 O-O 6.Be2 e5 7.d5 a5 8.Bg5 h6 9.Bh4 Na6
10.Nd2 Nc5 11.b3 Bd7 12.a3 Qe8 13.O-O Nh7 14.f3 f5 15.Qc2 f4 16.b4 axb4 17.axb4 Rxa1
18.Rxa1 Na6 19.Qb3 g5 20.Bf2 Qg6 21.c5 g4 22.Kh1 g3 23.Bg1 Ng5 24.c6 bxc6
25.Rxa6 c5 26.bxc5 Nh3 27.Bf1 gxh2 28.Kxh2 Qg3+ 29.Kh1 Nf2+ 30.Bxf2 Qxf2
31.Ra2 Rf6 32.c6 Bh3 33.gxh3 Rg6 34.Ne2  1-0

[Event "SLO-ch U20"]
[Site "Kranj"]
[Date "1999.??.??"]
[Round "?"]
[White "Frangez, Simon"]
[Black "Gomboc, Miha"]
[Result "1-0"]
[WhiteElo "2084"]
[BlackElo "2113"]

1.d4 Nf6 2.c4 g6 3.Nc3 Bg7 4.e4 d6 5.Be2 O-O 6.Nf3 e5 7.d5 a5 8.Bg5 h6 9.Bh4 Na6
10.Nd2 Qe8 11.a3 Bd7 12.b3 Nh7 13.O-O h5 14.f3 Bh6 15.Rb1 Be3+ 16.Bf2 Bxf2+
17.Rxf2 f5 18.b4 axb4 19.axb4 f4 20.c5 Qd8 21.Nc4 Rf6 22.Bf1 Nb8 23.b5 g5
24.b6 g4 25.bxc7 Qxc7 26.cxd6 Qc5 27.fxg4 hxg4 28.Qd3 b5 29.Nxe5 b4 30.Ne2 Ng5
31.Rc1 Qxd6 32.Nc4 Qf8 33.e5 Rf5 34.Nd4 f3 35.Nxf5 Bxf5 36.Qe3 Qh6 37.e6 Ra3
38.Qe5 fxg2 39.Qxb8+ Kg7 40.Qe5+ Kg8 41.e7 Nh3+ 42.Kxg2 Nf4+ 43.Qxf4  1-0

[Event "EU-ch02 blind "]
[Site "Krynica"]
[Date "1999.??.??"]
[Round "3"]
[White "Rutkauskas, Gediminas"]
[Black "Bischoff, Dieter"]
[Result "1-0"]
[WhiteElo "2000"]
[BlackElo "2180"]

1.d4 Nf6 2.c4 g6 3.Nf3 Bg7 4.Nc3 d6 5.e4 O-O 6.Be2 e5 7.Be3 Ng4 8.Bg5 f6
9.Bc1 Qe8 10.h3 Nh6 11.g4 Nf7 12.d5 f5 13.gxf5 gxf5 14.exf5 Bxf5 15.Be3 Na6
16.Nh4 Bd7 17.Bg4 Nh6 18.Ne4 b5 19.Bh5 Qb8 20.Rg1 Rf4 21.Bxf4 exf4 22.Nf6+ Kh8
23.Nxd7 Qd8 24.Rxg7 Qxh4 25.Rg4 Nxg4 26.Bxg4  1-0

[Event "EU-ch02 blind "]
[Site "Krynica"]
[Date "1999.??.??"]
[Round "4"]
[White "Denes, Jozsef"]
[Black "Cabarkapa, Milenko"]
[Result "1/2-1/2"]
[WhiteElo "1925"]
[BlackElo "2225"]

1.d4 Nf6 2.c4 g6 3.Nc3 Bg7 4.e4 d6 5.Nf3 O-O 6.Be2 e5 7.dxe5 dxe5 8.Qxd8 Rxd8
9.Bg5 Na6 10.Nd5 Rd6 11.Bxf6 Bxf6 12.Nxf6+ Rxf6 13.Nxe5 Re6 14.Ng4 h5 15.Ne3 Rxe4
16.O-O c6 17.Rad1 Be6 18.Rd2 Re8 19.Rfd1 Kf8 20.a3 Nc7 21.g3 Bc8 22.Bf3 R4e7
23.Rd8 Ne6 24.Rxe8+ Kxe8 25.b4 Rd7 26.Rxd7 Bxd7 27.c5 Nd4 28.Bd1 Be6 29.a4 Kd7
30.Kf1 Ba2 31.Ke1 Ke6  1/2-1/2

[Event "EU-ch02 blind "]
[Site "Krynica"]
[Date "1999.??.??"]
[Round "9"]
[White "Denes, Jozsef"]
[Black "Van Gelder, Jan"]
[Result "0-1"]
[WhiteElo "1925"]
[BlackElo "1850"]

1.d4 Nf6 2.c4 g6 3.Nc3 Bg7 4.e4 d6 5.Nf3 O-O 6.Be2 Nbd7 7.O-O e5 8.d5 Nc5
9.Qc2 a5 10.Nd2 Ne8 11.Nb3 Nxb3 12.axb3 f5 13.f4 exf4 14.Bxf4 g5 15.Be3 f4
16.Bf2 Nf6 17.Bd4 Qe7 18.h3 Nd7 19.Bxg7 Qxg7 20.Bg4 Ne5 21.Bxc8 Raxc8 22.Ne2 f3
23.Ng3 g4 24.hxg4 Qxg4 25.Nf5 Qg5 26.Qf2 Kh8 27.g3 Rxf5 28.exf5 Rg8 29.Rae1 Qh4  0-1

[Event "Lenk op"]
[Site "Lenk"]
[Date "1999.??.??"]
[Round "1"]
[White "Gheorghiu, Florin"]
[Black "Degiacomi, Fabio"]
[Result "1-0"]
[WhiteElo "2450"]
[BlackElo "2045"]

1.d4 Nf6 2.Nf3 g6 3.c4 Bg7 4.Nc3 O-O 5.e4 d6 6.Be2 e5 7.Be3 Nc6 8.d5 Ne7
9.Nd2 Ne8 10.f3 f5 11.Bd3 f4 12.Bf2 g5 13.c5 Ng6 14.cxd6 cxd6 15.Qb3 Rf7
16.a4 b6 17.a5 bxa5 18.Qa3 g4 19.Qxa5 Qg5 20.Bb5 Bd7 21.Bxd7 Rxd7 22.Qa4 Re7
23.fxg4 Qxg4 24.O-O Bf8 25.Nf3 Rg7 26.Kh1 Be7 27.h3 Qc8 28.Qc6 Qb8 29.Nb5 Nf6
30.Nc7 Bf8 31.Qxa8 Qxc7 32.Rfc1 Qf7 33.Ng5 Qd7 34.Rc6 Ne7 35.Rxa7  1-0

[Event "Lenk op"]
[Site "Lenk"]
[Date "1999.??.??"]
[Round "5"]
[White "Moor, Olivier"]
[Black "Pavlovic, Milos"]
[Result "0-1"]
[WhiteElo "2304"]
[BlackElo "2525"]

1.d4 Nf6 2.c4 g6 3.Nc3 Bg7 4.e4 d6 5.Be2 O-O 6.Nf3 e5 7.dxe5 dxe5 8.Qxd8 Rxd8
9.Bg5 c6 10.Nxe5 Re8 11.O-O-O Na6 12.Rd6 Be6 13.f4 Nc5 14.Bf3 Nh5 15.Bxh5 gxh5
16.Bh4 f6 17.Nf3 Rad8 18.Rhd1 Rxd6 19.Rxd6 Bxc4 20.Nd2 Ba6 21.Bxf6 Bf8 22.Rd8 Rxd8
23.Bxd8 Nd3+ 24.Kc2 Nxf4 25.g3 Bd3+ 26.Kd1 Ne6 27.Bf6 Kf7 28.Be5 b5 29.Ne2 Nc5
30.Nd4 Nxe4 31.Nxc6 a6 32.Bc7 Nxd2 33.Ne5+ Ke6 34.Nxd3 Nf3 35.h3 Kf5 36.Bb6 Bd6
37.Ke2 Ng5 38.h4 Ne4 39.Kf3 Bxg3 40.Bd8 Bd6 41.b3 Nc3 42.a4 bxa4 43.bxa4 Nxa4
44.Ba5 Nc5 45.Nb4 Nb3 46.Nc6 Nxa5 47.Nxa5 Be7 48.Kg3 Ke4 49.Kh3 Kd5 50.Kg3 Bb4
51.Nb3 Kc4  0-1

[Event "Lisboa-ch"]
[Site "Lisboa"]
[Date "1999.??.??"]
[Round "11"]
[White "Durao, Pedro"]
[Black "Andrade, Leonardo"]
[Result "0-1"]
[WhiteElo "2134"]
[BlackElo "2177"]

1.d4 Nf6 2.c4 g6 3.Nc3 Bg7 4.e4 O-O 5.Be2 d6 6.Nf3 e5 7.d5 a5 8.Bg5 h6 9.Bh4 Na6
10.Nd2 Qe8 11.O-O h5 12.Rb1 Nh7 13.f3 Bh6 14.Kh1 Bd7 15.Bf2 Qe7 16.b3 h4
17.a3 Kg7 18.Qe1 Bg5 19.b4 axb4 20.axb4 b6 21.Rg1 Nf6 22.Nf1 Nh5 23.g4 hxg3
24.Bxg3 Nxg3+ 25.Qxg3 Bf4 26.Qf2 Rh8 27.Ng3 Rh6 28.Bd3 Rah8 29.Rg2 Qh4 30.Nce2 Bh3
31.Rgg1 Kf8 32.c5 Bf1 33.Rgxf1 Be3  0-1

[Event "Matanzas Copa Nacional"]
[Site "Matanzas"]
[Date "1999.??.??"]
[Round "5"]
[White "Miguez, Daglay"]
[Black "Gonzalez, Daniel"]
[Result "1-0"]
[WhiteElo "2098"]
[BlackElo "2090"]

1.d4 Nf6 2.c4 g6 3.Nc3 Bg7 4.e4 d6 5.Nf3 O-O 6.Be2 e5 7.O-O exd4 8.Nxd4 Re8
9.f3 c6 10.Bg5 Qb6 11.Na4 Qa5 12.Bd2 Qh5 13.Kh1 d5 14.cxd5 cxd5 15.Nb5 Na6
16.Nd6 Rd8 17.Nxc8 Raxc8 18.f4 Qh6 19.e5 Ne4 20.Be1 g5 21.Bg4 Rc6 22.Bf5 Nec5
23.Nxc5 Nxc5 24.Rf3 g4 25.Bxg4 Rb6 26.Ba5 Qc6 27.Rc1 Qb5 28.Bxb6 Qxb6 29.Qc2 Bf8
30.Bf5 h6 31.Qf2 d4 32.Rg3+ Kh8 33.Qf3 Bg7 34.b3 a5 35.Qg4 Rg8 36.Bb1 Qc6
37.Qf5  1-0

[Event "Mendrisio op"]
[Site "Mendrisio"]
[Date "1999.??.??"]
[Round "4"]
[White "Mariano, Elia"]
[Black "Cvitan, Ognjen"]
[Result "0-1"]
[WhiteElo "2254"]
[BlackElo "2521"]

1.d4 Nf6 2.c4 g6 3.Nc3 Bg7 4.e4 d6 5.Nf3 O-O 6.Be2 e5 7.d5 a5 8.Bg5 h6 9.Bh4 Na6
10.Nd2 Qe8 11.O-O Nh7 12.a3 Bd7 13.b3 h5 14.f3 Bh6 15.Bf2 Qe7 16.Qc2 h4 17.Rab1 Bf4
18.Rfd1 Qg5 19.Kh1 Nf6 20.Bf1 Nh5 21.Ne2 Ng3+ 22.Bxg3 hxg3 23.Nxf4 Qxf4 24.h3 Kg7
25.b4 b6 26.bxa5 Nc5 27.Re1 Rxa5 28.Qc3 Rh8 29.Qe3 g5 30.Qxf4 gxf4 31.Ra1 Rha8
32.Nb1 f5  0-1

[Event "Fide Mercenarios 39th"]
[Site "Mexico"]
[Date "1999.??.??"]
[Round "10"]
[White "Tey Carrera, Joaquin"]
[Black "Hernandez, Yadira"]
[Result "0-1"]
[WhiteElo "2065"]
[BlackElo "2205"]

1.d4 d6 2.c4 g6 3.Nc3 Bg7 4.e4 Nf6 5.Be2 O-O 6.Nf3 Na6 7.O-O e5 8.d5 Nc5
9.Nd2 a5 10.b3 Qe7 11.a3 Ne8 12.Rb1 f5 13.f3 f4 14.b4 axb4 15.axb4 Nd7 16.Nb3 g5
17.Bd2 Ndf6 18.c5 h5 19.Bb5 g4 20.Be1 gxf3 21.gxf3 Bh3 22.Bh4 Bh6 23.Rf2 Kh8
24.c6 Rg8+ 25.Kh1 Ng4 26.fxg4 Qxh4 27.Qe1 bxc6 28.Bxc6 Rd8 29.Bxe8 Rdxe8
30.gxh5 f3 31.Nd2 Bg2+ 32.Kg1 Bf4 33.Rxg2 Rxg2+ 34.Kf1 Qxh2  0-1